An historical view of the Philippine islands

The need for a concise and compact history of the Philippines was felt a century and a half ago. At least half dozen thick volumes had been written on the subject, but with one exception they had been written by frairs who were more interested in relating the chronicles of their respective monastic...

ver descrição completa

Na minha lista:
Detalhes bibliográficos
Autor principal: Zuniga, Joaquin Martinez De
Formato: Livro
Idioma:Undetermined
Publicado em: Manila Filipiniana Book Guild 1966
Tags: Adicionar Tag
Sem tags, seja o primeiro a adicionar uma tag!
Thư viện lưu trữ: Trung tâm Học liệu Trường Đại học Cần Thơ
LEADER 00885nam a2200181Ia 4500
001 CTU_218454
008 210402s9999 xx 000 0 und d
082 |a 959.9 
082 |b Z95/Vol.10 
100 |a Zuniga, Joaquin Martinez De 
245 3 |a An historical view of the Philippine islands 
245 0 |c Joaquin Martinez De Zuniga 
260 |a Manila 
260 |b Filipiniana Book Guild 
260 |c 1966 
520 |a The need for a concise and compact history of the Philippines was felt a century and a half ago. At least half dozen thick volumes had been written on the subject, but with one exception they had been written by frairs who were more interested in relating the chronicles of their respective monastic orders than in a history of the events and important personages of that colony. 
904 |i Trúc 
980 |a Trung tâm Học liệu Trường Đại học Cần Thơ